header

The employer's legal advisor (Record no. 115998)

MARC details
000 -LEADER
fixed length control field 01863nam a22003254a 4500
082 04 - DEWEY DECIMAL CLASSIFICATION NUMBER
Classification number 344.7301
100 1# - MAIN ENTRY--AUTHOR NAME
Personal name Hanna, Thomas M.,
245 14 - TITLE STATEMENT
Title The employer's legal advisor
260 ## - PUBLICATION, DISTRIBUTION, ETC. (IMPRINT)
Place of publication New York :
Name of publisher Amacom,
Year of publication c2007.
300 ## - PHYSICAL DESCRIPTION
Number of Pages ix, 211 p.
505 0# - FORMATTED CONTENTS NOTE
Formatted contents note Employment law at work -- Good intentions are only a start -- Eliminating problems before they arise -- Communications strategies to help you avoid legal woes -- Investigating problems and preserving evidence -- Knowing why things happen strengthens your case -- Trusting but verifying -- Advantages and pitfalls of electronic devices -- Making your decision -- Implementing your decision -- Paperwork and reality -- Unemployment compensation claims -- Problem employees -- Employees with special issues -- Things you should know.
650 #0 - SUBJECT ADDED ENTRY--TOPICAL TERM
Topical Term Labor laws and legislation
856 40 - ELECTRONIC LOCATION AND ACCESS
Uniform Resource Identifier http://site.ebrary.com/lib/rucke/Doc?id=10196189

No items available.

© 2026 Rongo University
Contact us: librarian | system librarian | Rongo university